Sports Quiz

Random Sports or World Quiz

FIFA World Cup Finals Quiz Stats

Quiz not verified by Sporcle

Challenge
Share
Tweet
Embed
Score 0/20 Timer 04:00
1 Play Today
Question Answer Wrong Answers
2010 - South Africa Spain
93.9%
Netherlands
3.3%
2014 - Brazil Germany
92.3%
Argentina
4.6%
1962 - Chile Brazil
91.5%
Czechoslovakia
5.5%
1958 - Sweden Brazil
90.9%
Sweden
5.8%
1978 - Argentina Argentina
90.3%
Netherlands
6.6%
1966 - England England
89.6%
West Germany
7.4%
1934 - Italy Italy
89.4%
Czechoslovakia
7.3%
1974 - West Germany West Germany
89.4%
Netherlands
7.6%
1930 - Uruguay Uruguay
88.2%
Argentina
8.9%
1954 - Switzerland West Germany
87.5%
Hungary
9.4%
1998 - France France
87.4%
Brazil
9.7%
2006 - Germany Italy
87.3%
France
9.6%
2002 - Japan Brazil
86.9%
Germany
10.1%
1938 - France Italy
86.4%
Hungary
10.4%
1994 - USA Brazil
85.2%
Italy
11.8%
1970 - Mexico Brazil
83.4%
Italy
13.4%
1986 - Mexico Argentina
81.8%
West Germany
15.3%
1990 - Italy West Germany
78.7%
Argentina
18.5%
1982 - Spain Italy
69.8%
West Germany
27.2%
1950 - Brazil Uruguay
64.2%
Brazil
32.8%

You're not logged in!

Compare scores with friends on all Sporcle quizzes.
Join for Free
OR
Log In

You Might Also Like...

Show Comments

Extras

Top Quizzes Today


Score Distribution

Your Account Isn't Verified!

In order to create a playlist on Sporcle, you need to verify the email address you used during registration. Go to your Sporcle Settings to finish the process.

Report this User

Report this user for behavior that violates our Community Guidelines.

Details: